书目信息 |
| 题名: |
现代室内装饰设计
|
|
| 作者: | 陈溥 , 刘宁 编著 | |
| 分册: | ||
| 出版信息: | 北京 金盾出版社 1997.01 |
|
| 页数: | 56页 | |
| 开本: | 16开 | |
| 丛书名: | ||
| 单 册: | ||
| 中图分类: | TU238.2 | |
| 科图分类: | ||
| 主题词: | 建筑设计 | |
| 电子资源: | ||
| ISBN: | 7-5082-0296-1 | |
| 000 | 00561nam0 2200193 45 | |
| 001 | 0008040924 | |
| 005 | 20000804091311.4 | |
| 010 | @a7-5082-0296-1@d12.00元 | |
| 100 | @a20000804d1997 km y0chiy0120 ea | |
| 101 | 0 | @achi |
| 200 | 1 | @a现代室内装饰设计@AXian Dai Shi Nei Zhuang Shi She Ji@f陈溥,刘宁编著@FChen Pu,Liu Ning Bian Zhu |
| 210 | @a北京@c金盾出版社@d1997.01 | |
| 215 | @a56页@d16开 | |
| 606 | 0 | @a建筑设计 |
| 690 | @aTU238.2@v3 | |
| 701 | 0 | @a陈溥@4编著 |
| 701 | 0 | @a刘宁@4编著 |
| 801 | @aCN@bPftUser@c20000804 | |
| 905 | @b85918-927@dTU238.2@eCH.579@f10 | |
| 现代室内装饰设计/陈溥,刘宁编著.-北京:金盾出版社,1997.01 |
| 56页;16开 |
| ISBN 7-5082-0296-1:12.00元 |
| ● |
| 相关链接 |
|
|
|
正题名:现代室内装饰设计
索取号:TU238.2/CH.579
 
预约/预借
| 序号 | 登录号 | 条形码 | 馆藏地/架位号 | 状态 | 备注 |
| 1 | 63190 | 200631904 | 建筑库101/101建筑库 55排2列3层/ [索取号:TU238.2/CH.579] | 在馆 | |
| 2 | 63191 | 200631913 | 建筑库101/101建筑库 55排2列3层/ [索取号:TU238.2/CH.579] | 在馆 | |
| 3 | 63192 | 200631922 | 自科二线404/404自科库 13排5列4层/ [索取号:TU238.2/CH.579] | 在馆 | |
| 4 | 63193 | 200631931 | 建筑库101/101建筑库 48排4列1层/ [索取号:TU238.2/CH.579] | 在馆 | |
| 5 | 85918 | 200859188 | 建筑库101/101建筑库 55排2列3层/ [索取号:TU238.2/CH.579] | 在馆 | |
| 6 | 85919 | 200859197 | 建筑与城市规划学院资料室/101建筑库 28排1列4层/ [索取号:TU238.2/CH.579] | 在馆 | |
| 7 | 85920 | 200859204 | 建筑库101/101建筑库 55排2列3层/ [索取号:TU238.2/CH.579] | 在馆 | |
| 8 | 85921 | 200859213 | 自科二线404/404自科库 13排5列4层/ [索取号:TU238.2/CH.579] | 在馆 | |
| 9 | 85922 | 200859222 | 建筑库101/101建筑库 48排4列1层/ [索取号:TU238.2/CH.579] | 在馆 | |
| 10 | 85923 | 200859231 | 建筑库101/101建筑库 55排2列3层/ [索取号:TU238.2/CH.579] | 在馆 | |
| 11 | 85924 | 200859240 | 自科二线404/404自科库 7排4列4层/ [索取号:TU238.2/CH.579] | 在馆 | |
| 12 | 85925 | 200859259 | 建筑库101/101建筑库 55排2列3层/ [索取号:TU238.2/CH.579] | 在馆 | |
| 13 | 85926 | 200859268 | 建筑库101/101建筑库 55排2列3层/ [索取号:TU238.2/CH.579] | 在馆 | |
| 14 | 85927 | 200859277 | 建筑与城市规划学院资料室/101建筑库 28排1列4层/ [索取号:TU238.2/CH.579] | 在馆 |